Guess the k-pop idols by predebut pic - Statistics

General Stats
  • This quiz has been taken 104 times
  • The average score is 10 of 16
Answer Stats
Picture Answer % Correct
Lisa
89%
Yeji
83%
jungkook
76%
Sunoo
71%
mina
70%
Leeknow
69%
Taehyun
67%
Wonhee
66%
Bangchan
63%
keeho
56%
johnny
49%
hongjoong
44%
minnie
44%
Sakura
44%
ricky
41%
natty
21%
No matching quizzes found
Score Distribution
Percent of People with Each Score
Percentile by Number Answered
Your Score History
You have not taken this quiz